00270nam a2200121Ia 4500008004100000100000900041245002700050260002900077300000800106650001000114942000700124999001700131190216s9999||||xx |||||||||||||| ||und|| aNull 0aHindi-Kanthi Ke Ve Din bMac Millian And Com. Ltd a294 aHindi cBK c16062d16062